000 00420pab a2200169 454500
008 180718b2014 xxu||||| |||| 00| 0 eng d
100 _aSrivastava, Gouri
245 _aGuidelines for making textual materials gender inclusive
260 _c2014
300 _ap.25-27.
362 _a23 Jun
650 _aEducational systems
650 _aTextbooks
773 _aUniversity News
908 _aN
909 _a104488
999 _c104484
_d104484